000 00300nam a22001217a 4500
008 160519b xxu||||| |||| 00| 0 eng d
020 _a9780683085075
020 _a0683085077
041 _aeng
080 _a61
245 _aGuide to clinical preventive services:
_cWilliam Wilikins;
942 _2udc
_cBK
999 _c2273
_d2273